000 01272nam0a2200349 4500
001 RU\NLR\BIBL_A\022557809
005 20260420045356.0
010 _a978-5-600-04379-4
021 _aRU
_bКН-П-25-019987
_9КН-П-25-2021
035 _a(NLR Aleph) 022557809
090 _a13674280
_c13674280
100 _a20250604d2025 u y0rusy50 ca
101 0 _arus
102 _aRU
105 _aa z 000gy
181 0 _ab3
_bxb2e
181 0 _ai2
_baxxe
182 0 _an
200 1 _aВот оно, счастье!
_fС. В. Варнавская
_g[художник: М. С. Николаенко]
203 _aИзображение
_aТекст
_bвизуальные
_cнепосредственные
210 _a[Б. м.
_cб. и.
_d2025]
215 _a[16] с.
_cцв. ил.
_d21
309 _aБез тит. л. Описано по обл.
333 _a0+
686 0 _aШ9(2)60=Р7-5
700 1 _7ca
_8rus
_aВарнавская
_bС. В.
_cавтор сказок, педагог
_gСветлана Викторовна
_9244434
_3RU\NLR\AUTH\770244490
702 1 _aНиколаенко
_bМ. С.
_4440
942 _cBOOK
980 _aNB